Programación avanzada en Windows 2000 con visual C++ y MFC
| Main Author: | |
|---|---|
| Format: | Section = Libro |
| Language: | Undetermined Spanish |
| Published: |
España
McGraw-Hill
2000
|
| Subjects: |
| LEADER | 00667nam a2200217Ia 4500 | ||
|---|---|---|---|
| 008 | 240829s9999 xx 000 0 und d | ||
| 020 | |a 84-481-2532-0 | ||
| 040 | |a BIBLIOTECA-RUSB/ Ref 005.1 P964 | ||
| 041 | |a spa | ||
| 082 | |a Ref 005.1 P964 | ||
| 100 | 1 | |a Sancho, Jorge Pascual | |
| 245 | 1 | 0 | |a Programación avanzada en Windows 2000 con visual C++ y MFC |
| 260 | |a España |b McGraw-Hill |c 2000 | ||
| 300 | |a 1202 p. :il. | ||
| 650 | 7 | |a PROGRAMACION - WINDOWS 2000 | |
| 650 | 7 | |b MANIPULACION DE IMAGEN - MAPAS BIT | |
| 650 | 7 | |c PROGRAMACION GRAFICA - MFC CDC | |
| 650 | 7 | |d PROGRAMACION COM DCOM CONTENEDORES ACTIVES | |
| 942 | |c BK |2 ddc | ||
| 991 | |a TEXTO | ||
| 999 | |c 5625 | ||